000 00585nam a2200229Ia 4500
003 OSt
005 20230517152716.0
008 210423s2013 xx 000 0 und d
020 _a9781464109812
040 _cAL
041 _aeng
082 _a574.88 LODH
_223
100 _aLODISH (Harvey);others.
_9106724
245 _aMolecular cell biology.
250 _a7
260 _aNew York
_bMacmillan India Ltd
_c2013
300 _axxxiii,1154
_bPB
365 _b5735.04
_cINR
650 _aMolecular Biology
_9106725
906 _abiology. ; cell ; Molecular
942 _2ddc
_cBK
999 _c164902
_d164902